FIFA World Cup Winning Captains - Statistics

General Stats
  • This quiz has been taken 481 times
    353 since last reset
  • The average score is 10 of 21
Answer Stats
Hint Answer % Correct
2018- France Hugo Lloris
88%
2010- Spain Iker Casillas
82%
2014- Germany Philipp Lahm
82%
1986- Argentina Diego Maradona
81%
2006- Italy Fabio Cannavaro
78%
2002- Brazil Cafu
74%
1998- France Didier Deschamps
67%
1974- West Germany Franz Beckenbauer
64%
1966- England Bobby Moore
62%
1990- West Germany Lothar Matthaus
51%
1982- Italy Dino Zoff
48%
1994- Brazil Dunga
48%
1970- Brazil Carlos Alberto Torres
40%
1978- Argentina Daniel Passarella
27%
1938- Italy Guiseppe Meazza
23%
1954- West Germany Fritz Walter
19%
1962- Brazil Mauro Ramos
16%
1958- Brazil Hilderaldo Bellini
10%
1950- Uruguay Obdulio Varela
10%
1934- Italy Giampiero Combi
9%
1930- Uruguay Jose Nasazzi
9%
No matching quizzes found
Score Distribution
Percent of People with Each Score
Percentile by Number Answered
Your Score History
You have not taken this quiz since the last reset